Normal view MARC view
  • Jiménez García, Juan Ramón

Entry Nombre Personal

Number of records used in: 1

001 - NUMERO DE CONTROL

  • campo de control: 60160

003 - IDENTIFICADOR DE NUMERO DE CONTROL

  • campo de control: UPN

005 - FECHA Y HORA DE LA ÜLTIMA TRANSACCIÓN

  • campo de control: 20260630143827.0

008 - DATOS DE LONGITUD FIJA

  • campo de control de longitud fija: 260630|| ac|||aabn | a|a d

024 ## - OTROS IDENTIFICADORES NORMALIZADOS

  • Fuente: orcid
  • Número normalizado o código: https://orcid.org/0000-0002-8252-1592

040 ## - FUENTE DE CATALOGACIÓN

  • Agencia original de catalogación: MX-MxUPN

100 1# - ENCABEZAMIENTO - NOMBRE PERSONAL

  • Nombre personal: Jiménez García, Juan Ramón

370 ## - LUGAR ASOCIADO

  • Place of birth: España

371 ## - DIRECCIÓN

  • Electronic mail address: juanramon.jimenez@upf.edu

372 ## - CAMPO DE ACTIVIDAD

  • Field of activity: Ciencias Políticas y de la Administración
  • Field of activity: Mercado laboral, género, migración y movilidad social.

373 ## - GRUPO ASOCIADO

  • Associated group: Universitat Pompeu Fabra- Universidad Pablo de Olavide

374 ## - OCUPACIÓN

  • Occupation: Docencia e investigación universitarias

670 ## - FUENTE EN LA QUE SE LOCALIZARON DATOS

  • Cita de la fuente: En recurso en línea: REIS, No. 192 (2025)
  • Información localizada: (Juan Ramón Jiménez García)
  • Uniform Resource Identifier: https://reis.cis.es/index.php/reis/article/view/2399/3000

902 ## - CATALOGADOR

  • Catalogador: Leonor Sotres/300626